000 00514nam a2200193Ia 4500
003 OSt
005 20251104150400.0
008 220923b |||||||| |||| 00| 0 urd d
037 _cTB
040 _aARTS
_cARTS
_burd
041 _2urd
_aurd
084 _aO168w M4
_qAL
100 _aFakhira Mumtaz
_9216669
245 0 _aUrdu mein fan e sawaney Nigari
260 _c1984.
650 _aURDU LITERATURE
_9850148
942 _hO168w M4
_cTB
_2CC
_n0
999 _c455508
_d455508